Cargando...

PRINCIPLES OF SOIL CHEMISTRY

Detalles Bibliográficos
Autor Principal: TAN KIM H
Formato: Printed Book
Publicado: NEW YORK CRC PRESS 2011
Edición:4
Subjects:
LEADER 00542nam a2200181 4500
020 |c 1995 
082 |a 631.41 TAN 
100 |a TAN KIM H 
245 |a PRINCIPLES OF SOIL CHEMISTRY  |h ENGLISH 
250 |a 4 
260 |a NEW YORK  |b CRC PRESS  |c 2011 
300 |a 362  |f HB 
500 |a   
590 |d   
650 |a PRINCIPLES OF SOIL CHEMISTRY 
942 |c BK 
999 |c 123145  |d 123145 
952 |0 0  |1 0  |4 0  |6 631_410000000000000_TAN  |7 0  |9 136607  |a CHE  |b CHE  |g 1995.00  |l 0  |o 631.41 TAN  |p CHE4474  |r 2019-10-15  |w 2019-10-15  |y BK